| 000 | 02097nab a2200277 a 4500 | ||
|---|---|---|---|
| 005 | 20241012063743.0 | ||
| 008 | 991125c2019 mx fr p o 000 0 spa d | ||
| 035 | _aUPN01000227782 | ||
| 040 |
_aUPN _bspa _cUPN _eaacr2 |
||
| 049 | _aART-E | ||
| 100 | 1 |
_aCerda Uc, Rosa Isela _6- cerdauc@correo.uady.mx |
|
| 100 | 1 | _aBraga Mena, María Teresa de Jesús | |
| 100 | 1 | _aPadilla Cárdenas, Carlos Alberto | |
| 245 | 0 | 0 |
_aResiliencia en una adolescente con padecimiento físico-crónico por insuficiencia de ácido fólico _h[recurso electrónico en línea] |
| 506 | 0 | _aAcceso abierto | |
| 520 | 3 | _aEl presente artículo aborda el caso de una adolescente de 15 años diagnosticada al nacer con insufciencia de ácido fólico. El objetivo general de este trabajo consiste en diseñar, implementar y evaluar una intervención psicoterapéutica con enfoque psicodinámico y técnicas cognitivo-conductuales y gestálticas, para mejorar los estilos de afrontamiento y la resiliencia. Para esta intervención se realizó un proceso con duración de 31 sesiones. Durante el proceso, se encontró que la presencia de la enfermedad ha traído repercusiones en las relaciones interpersonales de la adolescente. La autonomía también ha sido afectada, ya que la adolescente se mostraba dependiente de su madre, física y emocionalmente. Es de resaltar la importancia de la reparación del vínculo parental como elemento para el éxito del proceso terapéutico. Con la aceptación de la realidad, los mecanismos de defensa fueron confrontados y transformados, dando oportunidad a los cambios saludables en la vida de la paciente. | |
| 650 | 2 |
_96115 _aResiliencia (Rasgo de la personalidad) |
|
| 650 | 0 |
_91014 _aAdolescentes |
|
| 650 | 4 |
_aPsicoterapia _98720 |
|
| 653 | 0 | _aÁcido fólico | |
| 653 | 0 | _aIntervención | |
| 773 |
_gNo. 40 (2019), p. 65-75 _tAlternativas en psicología _x2007-5251 |
||
| 856 | 4 | _uhttp://www.alternativas.me/attachments/article/180/4%20-%20Resiliencia%20en%20una%20adolescente%20con%20padecimiento%20f%C3%ADsico-cr%C3%B3nico.pdf | |
| 905 | _aArticulo | ||
| 942 | _cART-E | ||
| 999 |
_c199877 _d199877 |
||